[Event "ODEM U25A 2011"]
[Site "Oberhof GER"]
[Date "2011.06.12"]
[Round "1"]
[White "Allin, Alexander"]
[Black "Bach, Jannik"]
[Result "0-1"]
[Termination "normal"]
[Board "38"]
[WhiteElo "1492"]
[BlackElo "1772"]
[PlyCount "66"]
[WhiteFideId "12903698"]
[BlackFideId "24615900"]
[EventCountry "GER"]
[EventRounds "9"]
[EventType "swiss"]
[EventDate "2011.06.11"]

1. e4 c6 2. d4 d5 3. exd5 cxd5 4. Bd3 Nc6 5. c3 Nf6 6. Bf4 g6 7. h3 Bg7 8. Nf3
Bf5 9. O-O O-O 10. Bxf5 gxf5 11. Re1 e6 12. Nbd2 Ne4 13. Ne5 Qh4 14. Nd3 Nxf2
15. g3 Nxh3+ 16. Kg2 Qg4 17. Be3 Bf6 18. Nf3 f4 19. Nxf4 Nxf4+ 20. Bxf4 Ne7 21.
Qd2 Ng6 22. Bh6 Rfe8 23. Nh2 Qh5 24. Rh1 Be7 25. g4 Nh4+ 26. Kg3 Qg6 27. Nf1
Nf5+ 28. Kf3 Nxh6 29. Rxh6 Qg5 30. Qh2 Bd6 31. Rh5 Qf6+ 32. Rf5 exf5 33. Qh5
fxg4+ 0-1

[Event "ODEM U25A 2011"]
[Site "Oberhof GER"]
[Date "2011.06.12"]
[Round "1"]
[White "Diller, Daniel"]
[Black "Schreiber, Justina"]
[Result "1-0"]
[Termination "normal"]
[Board "39"]
[WhiteElo "1779"]
[BlackElo "1467"]
[PlyCount "79"]
[WhiteFideId "12908983"]
[BlackFideId "24661570"]
[EventCountry "GER"]
[EventRounds "9"]
[EventType "swiss"]
[EventDate "2011.06.11"]

1. c4 e5 2. g3 Nf6 3. Bg2 d5 4. cxd5 Nxd5 5. Nc3 Be6 6. Nf3 f6 7. O-O c6 8. d4
Nxc3 9. bxc3 Nd7 10. Qc2 Qc7 11. dxe5 Nxe5 12. Nd4 Bf7 13. f4 Nc4 14. Qe4+ Qe7
15. Qxe7+ Bxe7 16. Nxc6 Bc5+ 17. Nd4 Rd8 18. e3 Bd5 19. Rb1 Bxg2 20. Kxg2 Nd6
21. Ne6 Rc8 22. Nxc5 Rxc5 23. Ba3 Rc6 24. Bxd6 Rxd6 25. Rxb7 Rd7 26. Rb8+ Rd8
27. Rfb1 Kf7 28. Rxd8 Rxd8 29. Rb7+ Kg6 30. Rxa7 Rd2+ 31. Kf3 Rxh2 32. a4 Rc2
33. Rc7 Ra2 34. Rc4 f5 35. e4 fxe4+ 36. Kxe4 Re2+ 37. Kf3 Re6 38. a5 h5 39. Rb4
Rc6 40. Rb6 1-0

[Event "ODEM U25A 2011"]
[Site "Oberhof GER"]
[Date "2011.06.12"]
[Round "1"]
[White "Brühan, Caren"]
[Black "George, Tom"]
[Result "0-1"]
[Termination "normal"]
[Board "40"]
[WhiteElo "1637"]
[BlackElo "1855"]
[PlyCount "76"]
[WhiteFideId "24691976"]
[BlackFideId "24659487"]
[EventCountry "GER"]
[EventRounds "9"]
[EventType "swiss"]
[EventDate "2011.06.11"]

1. d4 Nf6 2. Nf3 c5 3. e3 d5 4. Nbd2 Nc6 5. c3 cxd4 6. exd4 Bf5 7. Be2 e6 8.
O-O Bd6 9. Re1 O-O 10. Nf1 Ne4 11. Ng3 Nxg3 12. hxg3 Rb8 13. Bf4 b5 14. Bd3
Bxf4 15. gxf4 Bg4 16. Be2 b4 17. Ne5 Nxe5 18. fxe5 Bxe2 19. Rxe2 Qa5 20. cxb4
Rxb4 21. b3 Qb6 22. Rd2 f6 23. exf6 Rxf6 24. Qg4 e5 25. Rad1 h6 26. Qc8+ Rf8
27. Qc3 e4 28. Qc5 Qb7 29. Qd6 Rb6 30. Qe5 Rbf6 31. Rc1 R8f7 32. Qe8+ Kh7 33.
Qe5 Rf5 34. Qg3 Qe7 35. Rdc2 Rg5 36. Qc7 Qf6 37. Qc5 Qf3 38. g3 Rh5 0-1

[Event "ODEM U25A 2011"]
[Site "Oberhof GER"]
[Date "2011.06.12"]
[Round "2"]
[White "Bivol, Alina"]
[Black "Nehls, Benedikt"]
[Result "1/2-1/2"]
[Termination "normal"]
[Board "3"]
[WhiteElo "2137"]
[BlackElo "1894"]
[PlyCount "56"]
[WhiteFideId "4100123"]
[BlackFideId "24656771"]
[EventCountry "GER"]
[EventRounds "9"]
[EventType "swiss"]
[EventDate "2011.06.11"]

1. e4 c5 2. c3 Qa5 3. Nf3 Nc6 4. Bc4 e6 5. O-O b5 6. Bb3 c4 7. Bc2 Nf6 8. a4
Be7 9. d4 cxd3 10. Qxd3 b4 11. c4 O-O 12. Nbd2 d6 13. Nb3 Qc7 14. Bg5 e5 15.
Rfd1 Rd8 16. Rac1 Be6 17. Nbd2 h6 18. Bxf6 Bxf6 19. Nf1 g6 20. Ne3 Bg7 21. Bb3
Na5 22. Nd2 Rac8 23. Qf1 Qb7 24. Nd5 f5 25. Bc2 f4 26. Bd3 Kh8 27. Qe1 g5 28.
f3 Rg8 1/2-1/2

[Event "ODEM U25A 2011"]
[Site "Oberhof GER"]
[Date "2011.06.12"]
[Round "2"]
[White "Mazarov, Jürgen"]
[Black "Kieslich, Aaron"]
[Result "1-0"]
[Termination "normal"]
[Board "5"]
[WhiteElo "2153"]
[BlackElo "1815"]
[PlyCount "69"]
[WhiteFideId "24617768"]
[BlackFideId "1270391"]
[EventCountry "GER"]
[EventRounds "9"]
[EventType "swiss"]
[EventDate "2011.06.11"]

1. e4 c5 2. Nf3 d6 3. d4 cxd4 4. Nxd4 Nf6 5. Nc3 a6 6. Bg5 e6 7. f4 Be7 8. Qf3
Qc7 9. O-O-O Nbd7 10. Bd3 h6 11. Bh4 g5 12. fxg5 Ne5 13. Qe2 Nfg4 14. Nf3 Nxf3
15. gxf3 Ne5 16. f4 Ng6 17. Bg3 hxg5 18. f5 Ne5 19. Rhf1 Bd7 20. fxe6 Bxe6 21.
Nd5 Bxd5 22. exd5 Bf8 23. Bxe5 dxe5 24. Bf5 Qd6 25. Kb1 Bg7 26. h3 Rh4 27. Bg4
Ke7 28. Qe3 f6 29. Qe4 Rh6 30. c4 b6 31. Qf5 Rd8 32. Rf3 Rhh8 33. Qg6 Bh6 34.
Be6 Rdf8 35. Rdf1 1-0

[Event "ODEM U25A 2011"]
[Site "Oberhof GER"]
[Date "2011.06.12"]
[Round "2"]
[White "Stark, Timo"]
[Black "Schirrmacher, Carsten"]
[Result "0-1"]
[Termination "normal"]
[Board "6"]
[WhiteElo "1842"]
[BlackElo "2067"]
[PlyCount "162"]
[WhiteFideId "4670183"]
[BlackFideId "24610445"]
[EventCountry "GER"]
[EventRounds "9"]
[EventType "swiss"]
[EventDate "2011.06.11"]

1. e4 e5 2. Nf3 Nc6 3. Bc4 Nf6 4. d3 Be7 5. O-O d6 6. h3 O-O 7. Be3 Be6 8. Bb3
Nd7 9. d4 Bxb3 10. axb3 Bf6 11. Nc3 Re8 12. d5 Ne7 13. Ne2 g6 14. Qd2 Bg7 15.
b4 f5 16. exf5 gxf5 17. Bh6 Bxh6 18. Qxh6 Nxd5 19. Ng3 Qf6 20. Qxf6 N7xf6 21.
Nxf5 Nxb4 22. Ra4 a5 23. c4 Nd3 24. Ra2 Ne4 25. Nh6+ Kg7 26. Ng4 Rf8 27. b3
Ndc5 28. Ra3 Nd3 29. Ra2 Rf4 30. Nd2 Nec5 31. Ne3 c6 32. Nc2 Raf8 33. f3 b6 34.
Ne1 Nb4 35. Rb2 Rd4 36. Nb1 Nbd3 37. Nxd3 Nxd3 38. Rd2 Nc5 39. Rxd4 exd4 40.
Nd2 Re8 41. Rb1 Re2 42. Nf1 Ne6 43. Ng3 Rc2 44. Rd1 Kg6 45. Ne4 Rb2 46. Re1
Rxb3 47. Nxd6 Re3 48. Rb1 d3 49. Ne4 Re2 50. Rd1 a4 51. Rxd3 Rxg2+ 52. Kf1 Rb2
53. Ra3 Rb4 54. Nd2 Nd4 55. Rd3 Nb3 56. Rd6+ Kf5 57. Ne4 a3 58. Nc3 Rxc4 59.
Na2 Nc1 60. Rd2 Nxa2 61. Rxa2 Ra4 62. Ke2 b5 63. Kd3 Kf4 64. Ke2 b4 65. Kd3 b3
66. Rg2 Kxf3 67. Rg1 a2 68. Kc3 a1=Q+ 69. Rxa1 Rxa1 70. Kxb3 Ke3 71. Kc4 Rc1+
72. Kb4 Kd3 73. h4 c5+ 74. Kb5 c4 75. h5 c3 76. h6 c2 77. Kc6 Ra1 78. Kd7 Ra6
79. Ke7 c1=Q 80. Kf7 Qc7+ 81. Ke8 Ra8# 0-1

[Event "ODEM U25A 2011"]
[Site "Oberhof GER"]
[Date "2011.06.12"]
[Round "2"]
[White "Nötzel, Felix"]
[Black "Höpfner, Tim"]
[Result "1-0"]
[Termination "normal"]
[Board "8"]
[WhiteElo "2042"]
[BlackElo "1936"]
[PlyCount "37"]
[WhiteFideId "24637416"]
[BlackFideId "4638310"]
[EventCountry "GER"]
[EventRounds "9"]
[EventType "swiss"]
[EventDate "2011.06.11"]

1. e4 c5 2. d4 cxd4 3. c3 d5 4. exd5 Qxd5 5. cxd4 Nc6 6. Nf3 Bg4 7. Nc3 Qd7 8.
d5 Bxf3 9. gxf3 Qc7 10. dxc6 bxc6 11. Be3 e6 12. Rc1 Nf6 13. Qa4 Be7 14. Nb5
Qb7 15. Rxc6 O-O 16. Rc7 Qxf3 17. Rg1 Nd5 18. Bg2 Bb4+ 19. Qxb4 1-0

[Event "ODEM U25A 2011"]
[Site "Oberhof GER"]
[Date "2011.06.12"]
[Round "2"]
[White "Brodmann, Anton"]
[Black "Zuferi, Enis"]
[Result "0-1"]
[Termination "normal"]
[Board "10"]
[WhiteElo "1861"]
[BlackElo "2009"]
[PlyCount "78"]
[WhiteFideId "24655481"]
[BlackFideId "24692530"]
[EventCountry "GER"]
[EventRounds "9"]
[EventType "swiss"]
[EventDate "2011.06.11"]

1. e4 c5 2. Nc3 Nc6 3. g3 g6 4. Bg2 Bg7 5. d3 e6 6. f4 Nge7 7. Be3 Qa5 8. Qd2
O-O 9. Nf3 d5 10. exd5 exd5 11. Bf2 b5 12. Ne5 Nxe5 13. fxe5 Qc7 14. O-O Rb8
15. Nxd5 Nxd5 16. Bxd5 Qxe5 17. Bg2 Be6 18. c3 Rbd8 19. Qe3 Qxe3 20. Bxe3 Rxd3
21. Bxc5 Rc8 22. Bxa7 Rd2 23. Rad1 Rxb2 24. Bb7 Re8 25. Bc6 Rc8 26. Bb7 Re8 27.
Bc6 Rf8 28. Bc5 Rc8 29. Bb4 Rxb4 30. cxb4 Rxc6 31. Rd8+ Bf8 32. Rb8 Kg7 33. a3
Bd6 34. Rd8 Bc7 35. Rd2 Bb6+ 36. Kh1 Be3 37. Rdd1 Rc1 38. Kg2 Rc2+ 39. Kh1 Bh3
0-1

[Event "ODEM U25A 2011"]
[Site "Oberhof GER"]
[Date "2011.06.12"]
[Round "2"]
[White "Wisheckel, Lena"]
[Black "Tomaszewska, Luiza"]
[Result "0-1"]
[Termination "normal"]
[Board "11"]
[WhiteElo "1760"]
[BlackElo "1994"]
[PlyCount "77"]
[WhiteFideId "24691992"]
[BlackFideId "1171089"]
[EventCountry "GER"]
[EventRounds "9"]
[EventType "swiss"]
[EventDate "2011.06.11"]

1. e4 e6 2. d4 d5 3. Nc3 Bb4 4. exd5 exd5 5. Bd3 Nc6 6. Nge2 Nge7 7. a3 Bxc3+
8. bxc3 Bf5 9. O-O Qd7 10. Re1 O-O-O 11. Be3 f6 12. c4 dxc4 13. Bxc4 Nd5 14.
Ba2 Bg4 15. Qd2 Rhe8 16. Rab1 Nxe3 17. fxe3 Qe7 18. Nf4 Qxa3 19. c3 Kb8 20. Rb3
Qa6 21. Reb1 b6 22. c4 Qa5 23. Qb2 Qg5 24. c5 Nxd4 25. cxb6 Nxb3 26. bxa7+ Ka8
27. Bxb3 Bf3 28. h4 Qe5 29. Qf2 Be4 30. Bc2 Bxc2 31. Qxc2 Qxe3+ 32. Kh1 c5 33.
Qa4 Qe4 34. Qb5 g5 35. Nd3 Qxh4+ 36. Kg1 Qd4+ 37. Kh1 Qd7 38. Qb6 Rc8 39. Qb5
0-1

[Event "ODEM U25A 2011"]
[Site "Oberhof GER"]
[Date "2011.06.12"]
[Round "2"]
[White "Münch, Robert"]
[Black "Pererva, Viktor"]
[Result "0-1"]
[Termination "normal"]
[Board "12"]
[WhiteElo "1908"]
[BlackElo "1956"]
[PlyCount "112"]
[WhiteFideId "4626028"]
[BlackFideId "24696463"]
[EventCountry "GER"]
[EventRounds "9"]
[EventType "swiss"]
[EventDate "2011.06.11"]

1. e4 e5 2. Nf3 Nc6 3. Bb5 a6 4. Ba4 Nf6 5. O-O Be7 6. Re1 b5 7. Bb3 O-O 8. c3
d6 9. d4 Bg4 10. d5 Na5 11. Bc2 Qd7 12. Nbd2 c6 13. Nf1 cxd5 14. exd5 Qb7 15.
Ne3 Bh5 16. Nf5 Rfe8 17. Bg5 Bf8 18. Bxf6 gxf6 19. Qd3 Bg6 20. Qe4 Qd7 21. Qg4
Kh8 22. h4 h5 23. Qh3 e4 24. N3d4 Re5 25. Bxe4 Rae8 26. Qf3 Nc4 27. b3 Nd2 28.
Qf4 Nxe4 29. Ne3 Nxc3 30. Nc6 Nxd5 31. Nxe5 fxe5 32. Qf3 Nxe3 33. Rxe3 Bg7 34.
Qd5 Qe6 35. Qc6 d5 36. Qb7 d4 37. Ree1 e4 38. Rad1 Rc8 39. Rd2 d3 40. Rxd3 exd3
41. Rxe6 Rc1+ 42. Kh2 fxe6 43. Qd7 Re1 44. Kg3 Re2 45. Qc8+ Kh7 46. Qc1 Rc2 47.
Qd1 d2 48. f4 Rc3+ 49. Kh2 Rd3 50. g4 hxg4 51. h5 Bxh5 52. Kg2 Kh6 53. f5 g3
54. Qf1 d1=Q 55. Qf4+ Kh7 56. a4 Qe2+ 0-1

[Event "ODEM U25A 2011"]
[Site "Oberhof GER"]
[Date "2011.06.12"]
[Round "2"]
[White "Bach, Jannik"]
[Black "Rudenok, Tatiana"]
[Result "0-1"]
[Termination "normal"]
[Board "13"]
[WhiteElo "1772"]
[BlackElo "1980"]
[PlyCount "122"]
[WhiteFideId "24615900"]
[BlackFideId "4123379"]
[EventCountry "GER"]
[EventRounds "9"]
[EventType "swiss"]
[EventDate "2011.06.11"]

1. e4 c5 2. Nf3 d6 3. d4 cxd4 4. Nxd4 Nf6 5. Nc3 Nc6 6. Bg5 Bd7 7. Qd2 Rc8 8.
Be2 Qa5 9. Nb3 Qd8 10. O-O h6 11. Be3 Ng4 12. Bxg4 Bxg4 13. h3 Be6 14. f4 Bc4
15. Rf2 b5 16. Re1 e6 17. Nd4 b4 18. Nce2 a5 19. Nxc6 Rxc6 20. Nd4 Rc7 21. f5
e5 22. Ne2 Be7 23. Bb6 Bh4 24. g3 Bg5 25. Qd1 O-O 26. h4 Be7 27. Bxa5 Qc8 28.
Bxc7 Qxc7 29. c3 d5 30. exd5 Bc5 31. cxb4 Bxf2+ 32. Kxf2 Qb6+ 33. Kg2 Qxb4 34.
d6 Rd8 35. a3 Qxb2 36. Qc1 Qb3 37. Qc3 Qb5 38. Ng1 e4 39. Qd4 Bd3 40. f6 Qc6
41. fxg7 Rxd6 42. Qe3 Kxg7 43. Nh3 Qc2+ 44. Kg1 Qb3 45. Qc5 Rg6 46. Kg2 Be2 47.
Qd4+ Kh7 48. Qf2 Bf3+ 49. Kh2 Rc6 50. Re3 Qa4 51. Rxf3 exf3 52. Qxf3 Rc2+ 53.
Nf2 Kg7 54. Kg2 Qd4 55. Qf5 Rc3 56. a4 Rc5 57. Qf3 Qxa4 58. Qd3 Qc6+ 59. Qf3
Qxf3+ 60. Kxf3 Kg6 61. Nd1 Ra5 0-1

[Event "ODEM U25A 2011"]
[Site "Oberhof GER"]
[Date "2011.06.12"]
[Round "2"]
[White "Siebarth, Marco"]
[Black "Diller, Daniel"]
[Result "1-0"]
[Termination "normal"]
[Board "14"]
[WhiteElo "2034"]
[BlackElo "1779"]
[PlyCount "95"]
[WhiteFideId "24604330"]
[BlackFideId "12908983"]
[EventCountry "GER"]
[EventRounds "9"]
[EventType "swiss"]
[EventDate "2011.06.11"]

1. e4 e6 2. d4 d5 3. Nd2 Nf6 4. e5 Nfd7 5. f4 c5 6. c3 Nc6 7. Ndf3 cxd4 8. cxd4
Qb6 9. g3 Be7 10. Ne2 a6 11. Bh3 Qc7 12. O-O b5 13. f5 exf5 14. Bxf5 Nb6 15.
Bd3 Be6 16. Bg5 Nc4 17. Bxc4 bxc4 18. Bxe7 Nxe7 19. Qd2 h6 20. Nf4 O-O 21. Rac1
Qb6 22. Rc3 Rab8 23. b3 Rfc8 24. Kg2 cxb3 25. Rxb3 Qc7 26. Rxb8 Rxb8 27. Nd3
Qb6 28. Nc5 Nf5 29. g4 Ne7 30. h3 a5 31. Rf2 Qb4 32. Qe3 Qb5 33. Ne1 Qb1 34.
Ned3 Ng6 35. Qd2 Qb6 36. Kg3 Qd8 37. Nxe6 fxe6 38. Nc5 Qh4+ 39. Kg2 Rb1 40.
Nxe6 Qe7 41. Qc2 Nh4+ 42. Kh2 Rb8 43. Qc7 Qxc7 44. Nxc7 Rc8 45. Nxd5 Rd8 46.
Ne7+ Kh7 47. d5 Ng6 48. Nxg6 1-0

[Event "ODEM U25A 2011"]
[Site "Oberhof GER"]
[Date "2011.06.12"]
[Round "2"]
[White "George, Tom"]
[Black "van gen Hassend, Max"]
[Result "1/2-1/2"]
[Termination "normal"]
[Board "15"]
[WhiteElo "1855"]
[BlackElo "1988"]
[PlyCount "43"]
[WhiteFideId "24659487"]
[BlackFideId "12934569"]
[EventCountry "GER"]
[EventRounds "9"]
[EventType "swiss"]
[EventDate "2011.06.11"]

1. e4 c5 2. Nc3 d6 3. f4 Nc6 4. Nf3 e6 5. Bc4 a6 6. a4 Nf6 7. d3 d5 8. Bb3 Nd4
9. Nxd4 cxd4 10. Ne2 dxe4 11. dxe4 Bc5 12. Qd3 O-O 13. O-O b6 14. Kh1 Bb7 15.
Ng3 h5 16. h3 h4 17. e5 Nd5 18. Ne4 Nb4 19. Qe2 d3 20. cxd3 Qxd3 21. Qxd3 Nxd3
22. Nxc5 1/2-1/2

[Event "ODEM U25A 2011"]
[Site "Oberhof GER"]
[Date "2011.06.12"]
[Round "2"]
[White "Grigoryeva, Olga"]
[Black "Kobozeva, Victoria"]
[Result "1-0"]
[Termination "normal"]
[Board "16"]
[WhiteElo "2087"]
[BlackElo "1713"]
[PlyCount "79"]
[WhiteFideId "24132594"]
[BlackFideId "24133680"]
[EventCountry "GER"]
[EventRounds "9"]
[EventType "swiss"]
[EventDate "2011.06.11"]

1. d4 Nf6 2. c4 g6 3. f3 Bg7 4. e4 d6 5. Nc3 O-O 6. Bg5 c5 7. d5 Na6 8. Qd2 Bd7
9. Bh6 Nc7 10. Bxg7 Kxg7 11. Bd3 a6 12. a4 b6 13. Nge2 Rb8 14. O-O b5 15. axb5
axb5 16. b3 Qc8 17. f4 bxc4 18. Bxc4 Nb5 19. h3 Nxc3 20. Nxc3 Qc7 21. Ra6 Ra8
22. e5 Ng8 23. Rxa8 Rxa8 24. Qe3 h5 25. e6 fxe6 26. dxe6 Bc6 27. f5 Rf8 28. Qg5
Rf6 29. fxg6 Rxf1+ 30. Bxf1 Nf6 31. Ne2 Qb6 32. Ng3 Be4 33. Nxe4 Nxe4 34. Qxe7+
Kxg6 35. Qf7+ Kg5 36. h4+ Kh6 37. Qf4+ Kg7 38. Qxe4 c4+ 39. Kh2 Qc7 40. Qxc4
1-0

[Event "ODEM U25A 2011"]
[Site "Oberhof GER"]
[Date "2011.06.12"]
[Round "2"]
[White "Marx, Inga"]
[Black "von Meijenfeldt, Bart"]
[Result "0-1"]
[Termination "normal"]
[Board "17"]
[WhiteElo "1773"]
[BlackElo "2149"]
[PlyCount "66"]
[WhiteFideId "4654749"]
[BlackFideId "1032259"]
[EventCountry "GER"]
[EventRounds "9"]
[EventType "swiss"]
[EventDate "2011.06.11"]

1. e4 c5 2. Nf3 d6 3. d4 cxd4 4. Nxd4 Nf6 5. Nc3 a6 6. Be2 e5 7. Nb3 Be7 8. Be3
Be6 9. O-O O-O 10. a4 Nbd7 11. Kh1 Rc8 12. a5 Rxc3 13. bxc3 Nxe4 14. Bd3 f5 15.
c4 Qc7 16. f3 Nef6 17. Nd2 Rd8 18. Qe1 d5 19. cxd5 Nxd5 20. Nb3 Nxe3 21. Qxe3
Nf6 22. Rfe1 Bb4 23. Reb1 Bc3 24. Nc5 Bd5 25. Bxf5 Bd4 26. Ne6 Bxe6 27. Bxe6+
Kh8 28. Qb3 Bxa1 29. Rxa1 Qxa5 30. Qb1 Qc3 31. h3 e4 32. fxe4 Nxe4 33. Ra2 Rd1+
0-1

[Event "ODEM U25A 2011"]
[Site "Oberhof GER"]
[Date "2011.06.12"]
[Round "2"]
[White "Müller, Philipp"]
[Black "Papusha, Maxim"]
[Result "1-0"]
[Termination "normal"]
[Board "18"]
[WhiteElo "2035"]
[BlackElo "1745"]
[PlyCount "61"]
[WhiteFideId "24683701"]
[BlackFideId "12915246"]
[EventCountry "GER"]
[EventRounds "9"]
[EventType "swiss"]
[EventDate "2011.06.11"]

1. e4 c5 2. Nf3 d6 3. d4 cxd4 4. Nxd4 Nf6 5. Nc3 a6 6. Be3 e5 7. Nf3 Be7 8. a4
O-O 9. Be2 b6 10. O-O Bb7 11. Qd3 Nbd7 12. Rfd1 Rc8 13. Nd2 Nc5 14. Bxc5 Rxc5
15. Bf3 Qc8 16. Nf1 Rc4 17. Ne3 Rb4 18. Nf5 Qe6 19. b3 Rd8 20. Qe2 d5 21. Na2
dxe4 22. Nxe7+ Qxe7 23. Nxb4 exf3 24. Rxd8+ Qxd8 25. Qxe5 Ng4 26. Qf4 h5 27.
gxf3 Nh6 28. h4 Qd7 29. c4 Nf5 30. Nd5 b5 31. Qxf5 1-0

[Event "ODEM U25A 2011"]
[Site "Oberhof GER"]
[Date "2011.06.12"]
[Round "2"]
[White "Fichtner, Ewald"]
[Black "Humburg, Philipp"]
[Result "1-0"]
[Termination "normal"]
[Board "20"]
[WhiteElo "1991"]
[BlackElo "1672"]
[PlyCount "153"]
[WhiteFideId "1270194"]
[BlackFideId "24656151"]
[EventCountry "GER"]
[EventRounds "9"]
[EventType "swiss"]
[EventDate "2011.06.11"]

1. d4 d5 2. c4 c6 3. Nf3 e6 4. e3 Nf6 5. b3 Nbd7 6. Bd3 b6 7. O-O Be7 8. Bb2
O-O 9. Nc3 Bb7 10. Qe2 Rc8 11. Rfd1 Qc7 12. Rac1 Qb8 13. Bb1 c5 14. cxd5 Nxd5
15. Nxd5 exd5 16. Bf5 Rc7 17. dxc5 bxc5 18. Ne5 Nf6 19. Ng4 Qd8 20. Rc2 Nxg4
21. Bxg4 f5 22. Bf3 Rd7 23. Be5 Qb6 24. Rcd2 Qe6 25. Bb2 Ba6 26. Qe1 Rfd8 27.
g3 c4 28. Rc2 Bf6 29. Bd4 Bxd4 30. Rxd4 Qb6 31. Rcd2 Qa5 32. bxc4 dxc4 33. Qd1
Rxd4 34. Rxd4 Rxd4 35. Qxd4 Qc7 36. Qd5+ Kh8 37. Qxf5 Qb8 38. Be4 Qg8 39. Bc2
Bc8 40. Qe4 h6 41. Qd4 a6 42. e4 Be6 43. f4 Qb8 44. f5 Bg8 45. e5 Qb4 46. Kf2
Qa3 47. e6 c3 48. g4 Qc1 49. Qxc3 Qf4+ 50. Ke1 Qxg4 51. h3 Qg1+ 52. Ke2 Qh2+
53. Kd1 Qh1+ 54. Kd2 Qd5+ 55. Kc1 Qh1+ 56. Kb2 Qb7+ 57. Bb3 Qe4 58. Bc2 Qb7+
59. Ka1 Qh1+ 60. Bb1 Qd5 61. Qe3 Qd6 62. a3 Qe7 63. Ka2 Qf6 64. Qb6 Qc3 65.
Qxa6 Qxh3 66. Qd3 Qh2+ 67. Bc2 Qh4 68. Qc3 Qe7 69. a4 h5 70. a5 h4 71. Qd3 Qc5
72. a6 g6 73. Kb2 gxf5 74. Qc3+ Qxc3+ 75. Kxc3 Bxe6 76. Kd4 Bc8 77. a7 1-0

[Event "ODEM U25A 2011"]
[Site "Oberhof GER"]
[Date "2011.06.12"]
[Round "2"]
[White "Weber, Max"]
[Black "Gefnider, Andreas"]
[Result "1-0"]
[Termination "normal"]
[Board "21"]
[WhiteElo "2023"]
[BlackElo "1697"]
[PlyCount "85"]
[WhiteFideId "4624831"]
[BlackFideId "12900176"]
[EventCountry "GER"]
[EventRounds "9"]
[EventType "swiss"]
[EventDate "2011.06.11"]

1. d4 d5 2. c4 c6 3. Nf3 Nf6 4. e3 e6 5. b3 Nbd7 6. Bb2 Bd6 7. Bd3 O-O 8. O-O
Re8 9. Ne5 Qc7 10. f4 b6 11. Nd2 Bb7 12. Rc1 Rac8 13. cxd5 exd5 14. Qf3 a6 15.
Qh3 Nf8 16. g4 N6d7 17. Nxd7 Qxd7 18. Bf5 Ne6 19. Qxh7+ Kf8 20. Nf3 Ke7 21.
Qh4+ f6 22. Ne5 Bxe5 23. dxe5 Rh8 24. exf6+ Kf7 25. Qg3 gxf6 26. g5 d4 27. Bxd4
Nxd4 28. Bxd7 Ne2+ 29. Kf2 Nxg3 30. Kxg3 Rc7 31. Bg4 Re7 32. Rfe1 fxg5 33. fxg5
Kg6 34. h4 Reh7 35. Rh1 c5 36. Rh2 Re7 37. Re1 Rhe8 38. Rd2 b5 39. Rd6+ Kg7 40.
Rd7 Rxd7 41. Bxd7 Rd8 42. Rd1 Bc8 43. Bg4 1-0

[Event "ODEM U25A 2011"]
[Site "Oberhof GER"]
[Date "2011.06.12"]
[Round "2"]
[White "Shishkov, Mark"]
[Black "Becker, Matthias"]
[Result "1-0"]
[Termination "normal"]
[Board "22"]
[WhiteElo "1987"]
[BlackElo "1912"]
[PlyCount "75"]
[WhiteFideId "12911682"]
[BlackFideId "12915564"]
[EventCountry "GER"]
[EventRounds "9"]
[EventType "swiss"]
[EventDate "2011.06.11"]

1. d4 f5 2. Nc3 Nf6 3. Bg5 d5 4. Bxf6 exf6 5. e3 c6 6. Bd3 Bd6 7. Qh5+ g6 8.
Qf3 Na6 9. a3 Nc7 10. h4 Ne6 11. Nce2 Qb6 12. Nh3 Bd7 13. O-O O-O-O 14. Nef4
Nxf4 15. Nxf4 g5 16. Nh5 Rdf8 17. Bxf5 Qd8 18. c4 dxc4 19. Rfc1 gxh4 20. Rxc4
Kb8 21. a4 Rhg8 22. Bxd7 Qxd7 23. d5 cxd5 24. Rxh4 f5 25. Nf4 Qe7 26. Qxd5 Qxh4
27. Qxd6+ Ka8 28. Ne6 Rc8 29. Nc7+ Rxc7 30. Qxc7 Qg4 31. g3 h5 32. Qf4 h4 33.
Qxg4 Rxg4 34. Rd1 b6 35. Rd4 Rxd4 36. exd4 hxg3 37. fxg3 Kb7 38. Kf2 1-0

[Event "ODEM U25A 2011"]
[Site "Oberhof GER"]
[Date "2011.06.12"]
[Round "2"]
[White "Berger, Manuel"]
[Black "Meulner, Fabian"]
[Result "1-0"]
[Termination "normal"]
[Board "23"]
[WhiteElo "1924"]
[BlackElo "1823"]
[PlyCount "61"]
[WhiteFideId "24692506"]
[BlackFideId "12913936"]
[EventCountry "GER"]
[EventRounds "9"]
[EventType "swiss"]
[EventDate "2011.06.11"]

1. e4 c6 2. d4 d5 3. exd5 cxd5 4. Qf3 Nc6 5. c3 Nf6 6. h3 e6 7. Bd3 a6 8. Ne2
b5 9. a3 Bb7 10. Bf4 Bd6 11. Bxd6 Qxd6 12. O-O Na5 13. Nd2 Rc8 14. Rfe1 Nc4 15.
Nxc4 bxc4 16. Bc2 Qb6 17. Rab1 Qc7 18. Ng3 O-O 19. Re5 Qe7 20. Qf4 g6 21. Qh6
Nd7 22. Nh5 f5 23. Rxe6 Qf7 24. Rbe1 gxh5 25. Re7 Qg6 26. Qxg6+ hxg6 27. Rxd7
Bc6 28. Rd6 Rfe8 29. Rxg6+ Kf7 30. Rxe8 Rxe8 31. Rxc6 1-0

[Event "ODEM U25A 2011"]
[Site "Oberhof GER"]
[Date "2011.06.12"]
[Round "2"]
[White "Wimmer, Martin"]
[Black "Schirra, Felix"]
[Result "1/2-1/2"]
[Termination "normal"]
[Board "24"]
[WhiteElo "1879"]
[BlackElo "1634"]
[PlyCount "158"]
[WhiteFideId "24683680"]
[BlackFideId "24692662"]
[EventCountry "GER"]
[EventRounds "9"]
[EventType "swiss"]
[EventDate "2011.06.11"]

1. e4 c5 2. Nf3 d6 3. d4 cxd4 4. Nxd4 Nf6 5. Nc3 g6 6. Be3 Bg7 7. f3 Nc6 8. Qd2
O-O 9. O-O-O d5 10. Kb1 Nxd4 11. Bxd4 dxe4 12. Nxe4 Nxe4 13. fxe4 Be6 14. Be2
Qc7 15. Bxg7 Kxg7 16. h4 Rad8 17. Qe3 Qa5 18. a3 h5 19. Qf4 Rxd1+ 20. Bxd1 Rd8
21. g4 hxg4 22. Kc1 Rd4 23. c3 Rc4 24. Qe3 Qc5 25. Qd3 g3 26. Bf3 Qf2 27. Rf1
Qh2 28. Qe3 g2 29. Rg1 Qxh4 30. Kc2 f5 31. b3 Rxe4 32. Bxe4 Qxe4+ 33. Qxe4 fxe4
34. Rxg2 Kf6 35. c4 Bf5 36. Kd2 g5 37. b4 e5 38. c5 Bd7 39. Ke3 Bc6 40. Ra2 g4
41. a4 a6 42. a5 Kg5 43. Rg2 Ba4 44. Rg1 Bc6 45. Rf1 g3 46. Rf7 Kg4 47. Rg7+
Kh3 48. Rh7+ Kg2 49. Rh6 Kf1 50. Rf6+ Kg1 51. Rh6 g2 52. Rf6 Be8 53. Rf8 Bh5
54. Kxe4 Bg4 55. Rg8 Bh3 56. Kxe5 Kh2 57. Kd6 g1=Q 58. Rxg1 Kxg1 59. c6 bxc6
60. Kxc6 Bf1 61. b5 Bxb5+ 62. Kc5 Kf2 63. Kb4 Ke3 64. Kc3 Ke4 65. Kb2 Kd4 66.
Ka2 Kc4 67. Ka3 Bd7 68. Ka2 Kb4 69. Ka1 Kxa5 70. Ka2 Kb4 71. Kb1 a5 72. Ka2 Bf5
73. Ka1 a4 74. Ka2 Kc3 75. Ka1 Bc2 76. Ka2 Bb3+ 77. Ka1 a3 78. Kb1 a2+ 79. Ka1
Kc2 1/2-1/2

[Event "ODEM U25A 2011"]
[Site "Oberhof GER"]
[Date "2011.06.12"]
[Round "2"]
[White "Prosvetov, Ivan"]
[Black "Häusler, Yannick"]
[Result "1/2-1/2"]
[Termination "normal"]
[Board "25"]
[WhiteElo "2045"]
[BlackElo "1619"]
[PlyCount "94"]
[WhiteFideId "24123900"]
[BlackFideId "12935891"]
[EventCountry "GER"]
[EventRounds "9"]
[EventType "swiss"]
[EventDate "2011.06.11"]

1. d4 Nf6 2. Bg5 Ne4 3. Bf4 d5 4. e3 e6 5. Nf3 b6 6. Bd3 Bb7 7. O-O Be7 8. Nbd2
Nf6 9. Ne5 O-O 10. Bg5 c5 11. c3 Nbd7 12. f4 cxd4 13. exd4 Ne8 14. Bxe7 Qxe7
15. Rf3 g6 16. Rh3 Nxe5 17. fxe5 f5 18. exf6 Nxf6 19. Qe2 Bc6 20. Re1 Bd7 21.
Nf3 Nh5 22. g3 e5 23. Rh4 e4 24. Nd2 Qd6 25. Bc2 Nxg3 26. Qg2 Nf5 27. Rg4 Qf6
28. Rf4 Qg7 29. Bb3 Bc6 30. Rfxe4 Kh8 31. Re5 Rad8 32. Bxd5 Rxd5 33. Rxd5 Ne7
34. Rxe7 Qxe7 35. Re5 Qxe5 36. dxe5 Bxg2 37. Kxg2 Kg7 38. Nf3 h6 39. a4 Rc8 40.
Nd2 Kf7 41. Kf3 Ke6 42. Ke4 Rd8 43. Nf3 Rd1 44. b4 Ra1 45. Nd4+ Kf7 46. Kd5 g5
47. Kd6 Re1 1/2-1/2